<?xml version="1.0" encoding="UTF-8"?><collection xmlns="info:lc/xmlns/marcxchange-v2"><record format="Unimarc" type="bibliographic"><leader>00682cam  2200217   450 </leader><controlfield tag="001">1899295</controlfield><controlfield tag="003">http://id.bnportugal.gov.pt/bib/porbase/1899295</controlfield><controlfield tag="005">20030524175500.0</controlfield><datafield ind1=" " ind2=" " tag="010"><subfield code="a">2-271-05093-6</subfield><subfield code="b">broch.</subfield></datafield><datafield ind1=" " ind2=" " tag="035"><subfield code="5">90048</subfield></datafield><datafield ind1=" " ind2=" " tag="095"><subfield code="a">PTBN00799344</subfield></datafield><datafield ind1=" " ind2=" " tag="100"><subfield code="a">19940702d1993    k  y0pory0103    ba</subfield></datafield><datafield ind1="0" ind2=" " tag="101"><subfield code="a">fre</subfield></datafield><datafield ind1=" " ind2=" " tag="102"><subfield code="a">FR</subfield></datafield><datafield ind1="1" ind2=" " tag="200"><subfield code="a">&lt;Les &gt;crématoires d'Auschwitz</subfield><subfield code="e">&lt;la &gt;machinerie du meurtre de masse</subfield><subfield code="f">Jean-Claude Pressac</subfield></datafield><datafield ind1=" " ind2=" " tag="210"><subfield code="a">Paris</subfield><subfield code="c">CNRS Éditions</subfield><subfield code="d">copy1993</subfield></datafield><datafield ind1=" " ind2=" " tag="215"><subfield code="a">VIII, 155</subfield><subfield code="c">il.</subfield><subfield code="d">24 cm</subfield></datafield><datafield ind1="2" ind2=" " tag="225"><subfield code="a">Histoire</subfield><subfield code="i">20e. siécle</subfield></datafield><datafield ind1=" " ind2=" " tag="675"><subfield code="a">943.0"1939/1945"</subfield><subfield code="v">med</subfield><subfield code="z">por</subfield><subfield code="3">1371751</subfield></datafield><datafield ind1=" " ind2="1" tag="700"><subfield code="a">Pressac</subfield><subfield code="b">Jean-Claude</subfield><subfield code="f">1944-</subfield><subfield code="3">145986</subfield></datafield><datafield ind1=" " ind2="0" tag="801"><subfield code="a">PT</subfield><subfield code="b">BN</subfield><subfield code="g">RPC</subfield></datafield><datafield ind1=" " ind2=" " tag="977"><subfield code="1">H.-2236</subfield><subfield code="2">coop</subfield><subfield code="4">ULICS</subfield><subfield code="6">mq947944</subfield><subfield code="7">bc</subfield><subfield code="8">coop</subfield><subfield code="9">ULICS</subfield><subfield code="b">17985</subfield><subfield code="k">0</subfield></datafield><datafield ind1=" " ind2=" " tag="998"><subfield code="a">LCS4-275</subfield></datafield></record></collection>